[Event "29. Torneo Collado Villalba 2012 - B"]
[Site "Collado Villalba ESP"]
[Date "2012.08.30"]
[Round "7.18"]
[White "De, Dompablo Fantova Ju"]
[Black "Martinez, Belen Alejandro"]
[Result "0-1"]
[WhiteElo "1669"]
[BlackElo "1779"]
[PlyCount "96"]
[EventDate "2012.08.24"]
[EventType "swiss"]
[EventRounds "9"]
[EventCountry "ESP"]
[Source "lmi"]
[SourceDate "2012.08.24"]

1. e4 d5 2. exd5 Qxd5 3. Nc3 Qd8 4. d4 Nf6 5. Nf3 c6 6. Bc4 Bf5 7. Bd2 e6 8.
O-O Qc7 9. Ne5 Bd6 10. f4 Qb6 11. Bc1 Nbd7 12. Kh1 O-O 13. g4 Bxe5 14. fxe5
Bxg4 15. Qd2 Nd5 16. Nxd5 cxd5 17. Bd3 Qd8 18. Qg2 Bh5 19. Bh6 Bg6 20. Bxg6
fxg6 21. Bg5 Qb6 22. c3 Rf5 23. Rxf5 gxf5 24. Bh6 g6 25. h4 Kh8 26. Rg1 Rg8 27.
Bg5 Qc7 28. Be7 Qc8 29. Qg5 Qe8 30. h5 Qf7 31. h6 Re8 32. Bb4 Kg8 33. Rf1 Nb6
34. b3 Nd7 35. Kg2 b6 36. a4 Rc8 37. a5 b5 38. Kg3 Nb8 39. Bd6 Rxc3+ 40. Kf4
Rc8 41. b4 Nd7 42. Rd1 a6 43. Qg1 Rc4 44. Rc1 Qe8 45. Rxc4 dxc4 46. Qg2 Qd8 47.
Qc6 Qh4+ 48. Kf3 Qh1+ 0-1

[Event "29. Torneo Collado Villalba 2012 - B"]
[Site "Collado Villalba ESP"]
[Date "2012.08.30"]
[Round "7.19"]
[White "Garcia Diaz, Alejandro"]
[Black "Lacaci, Otero Ivan"]
[Result "1-0"]
[WhiteElo "1767"]
[BlackElo "1686"]
[PlyCount "67"]
[EventDate "2012.08.24"]
[EventType "swiss"]
[EventRounds "9"]
[EventCountry "ESP"]
[Source "lmi"]
[SourceDate "2012.08.24"]

1. e4 c5 2. d4 cxd4 3. c3 dxc3 4. Nxc3 e6 5. Nf3 Nc6 6. Bc4 a6 7. Be3 b5 8. Bb3
Bb7 9. Qe2 Qc7 10. O-O Na5 11. Rfc1 Bc6 12. Nd5 Qb7 13. Bf4 Nxb3 14. axb3 Bxd5
15. Rc7 Bxe4 16. Rxb7 Bxb7 17. Nh4 Rc8 18. Nf5 d5 19. Bd6 Kd7 20. Bxf8 Rxf8 21.
Nxg7 Nf6 22. Qe5 Ne8 23. Nh5 Rhg8 24. Qb8 Nd6 25. Nf6+ Kc6 26. Rc1+ Nc4 27. Qe5
Rg6 28. bxc4 bxc4 29. b3 Rxf6 30. Qxf6 Kb5 31. bxc4+ dxc4 32. Qe5+ Bd5 33. Qd6
a5 34. Qxf8 1-0

[Event "29. Torneo Collado Villalba 2012 - B"]
[Site "Collado Villalba ESP"]
[Date "2012.08.30"]
[Round "7.20"]
[White "Sanz, Varea Jose M"]
[Black "Fernandez-Gallardo Romero, Alva"]
[Result "1-0"]
[WhiteElo "1710"]
[BlackElo "1775"]
[PlyCount "81"]
[EventDate "2012.08.24"]
[EventType "swiss"]
[EventRounds "9"]
[EventCountry "ESP"]
[Source "lmi"]
[SourceDate "2012.08.24"]

1. f4 d5 2. Nf3 Nf6 3. e3 g6 4. b3 Bg7 5. Bb2 c5 6. Bb5+ Bd7 7. Qe2 a6 8. Bxd7+
Qxd7 9. Ne5 Qc7 10. O-O Nc6 11. d3 Nd7 12. d4 cxd4 13. exd4 Ndxe5 14. fxe5 e6
15. c3 O-O 16. Ba3 Rfd8 17. Bd6 Qb6 18. Qf2 Rd7 19. Bc5 Qd8 20. Nd2 b6 21. Ba3
Bf8 22. Bc1 h6 23. Nf3 Ne7 24. g4 Nc6 25. Be3 b5 26. Qd2 Kh7 27. Rf2 Rc8 28. b4
Rcc7 29. Raf1 a5 30. a3 axb4 31. cxb4 Ra7 32. Ng5+ hxg5 33. Bxg5 f6 34. Rxf6
Nxe5 35. dxe5 Qb6+ 36. Be3 Bh6 37. Bxb6 Bxd2 38. Bxa7 Rxa7 39. Rf7+ Rxf7 40.
Rxf7+ Kh6 41. Re7 1-0

[Event "29. Torneo Collado Villalba 2012 - B"]
[Site "Collado Villalba ESP"]
[Date "2012.08.30"]
[Round "7.22"]
[White "Orantes, Sanz Ricardo"]
[Black "Suarez, Paz Alfonso"]
[Result "0-1"]
[WhiteElo "1604"]
[BlackElo "1857"]
[PlyCount "74"]
[EventDate "2012.08.24"]
[EventType "swiss"]
[EventRounds "9"]
[EventCountry "ESP"]
[Source "lmi"]
[SourceDate "2012.08.24"]

1. Nf3 d5 2. c4 e6 3. g3 Nf6 4. Bg2 c6 5. b3 Be7 6. d3 O-O 7. O-O Nbd7 8. Nbd2
b6 9. a3 Bb7 10. Bb2 Rb8 11. b4 Ng4 12. Qa4 dxc4 13. dxc4 Qc7 14. Rac1 c5 15.
b5 h5 16. Qc2 h4 17. h3 Nge5 18. Ne4 Nxf3+ 19. Bxf3 f5 20. Qc3 e5 21. Nd2 hxg3
22. fxg3 Bf6 23. e4 f4 24. Bg4 Rbd8 25. Be6+ Kh8 26. Qf3 Bg5 27. Qh5+ Bh6 28.
gxf4 Nf6 29. Bxe5 Nxh5 30. Bxc7 Rxd2 31. f5 Bxe4 32. Rf2 Rxf2 33. Re1 Rg2+ 34.
Kf1 Bb7 35. Rd1 Ng3+ 36. Bxg3 Rxg3 37. Rd7 Bc8 0-1

[Event "29. Torneo Collado Villalba 2012 - B"]
[Site "Collado Villalba ESP"]
[Date "2012.08.30"]
[Round "7.23"]
[White "Gonzalez Del Valls, Javier"]
[Black "Perez, Perez Elena"]
[Result "1/2-1/2"]
[WhiteElo "1754"]
[BlackElo "1678"]
[PlyCount "47"]
[EventDate "2012.08.24"]
[EventType "swiss"]
[EventRounds "9"]
[EventCountry "ESP"]
[Source "lmi"]
[SourceDate "2012.08.24"]

1. e4 e5 2. Bc4 Nc6 3. Nf3 Bc5 4. c3 Nf6 5. d3 d6 6. Nbd2 a6 7. Bb3 O-O 8. O-O
h6 9. Re1 Bg4 10. h3 Be6 11. Nf1 Ne7 12. Nh4 Bxb3 13. Qxb3 Rb8 14. Ng3 Qd7 15.
Be3 Bxe3 16. Rxe3 Qe6 17. Qc2 d5 18. d4 dxe4 19. Nxe4 exd4 20. cxd4 Ned5 21.
Ree1 Rfe8 22. Nxf6+ Qxf6 23. Nf3 c6 24. a3 1/2-1/2

[Event "29. Torneo Collado Villalba 2012 - B"]
[Site "Collado Villalba ESP"]
[Date "2012.08.30"]
[Round "7.24"]
[White "***Sanchez Ruiz, Justo"]
[Black "Martin Garcia, Francisco Javier"]
[Result "0-1"]
[WhiteElo "1750"]
[BlackElo "1603"]
[PlyCount "56"]
[EventDate "2012.08.24"]
[EventType "swiss"]
[EventRounds "9"]
[EventCountry "ESP"]
[Source "lmi"]
[SourceDate "2012.08.24"]

1. e4 c5 2. Nf3 d6 3. d4 cxd4 4. Nxd4 Nf6 5. Nc3 a6 6. Bc4 e6 7. Bb3 Nbd7 8.
O-O Nc5 9. f4 Be7 10. Qf3 Qc7 11. Be3 O-O 12. Rae1 Nxb3 13. Nxb3 b5 14. Rf2 Bb7
15. Bd2 b4 16. Na4 Bc6 17. Bxb4 Bxa4 18. e5 Bc6 19. Qd3 dxe5 20. Bxe7 Qxe7 21.
fxe5 Ng4 22. Rf4 Qh4 23. Qg3 Qxg3 24. hxg3 h5 25. Nd4 Bb7 26. Nf3 Rfd8 27. Ng5
Rd2 28. Nf3 Rxc2 0-1

[Event "29. Torneo Collado Villalba 2012 - B"]
[Site "Collado Villalba ESP"]
[Date "2012.08.30"]
[Round "7.25"]
[White "Liceras, Ruiz Manuel"]
[Black "Salgado Duarte, Pablo"]
[Result "1-0"]
[WhiteElo "1736"]
[BlackElo "1564"]
[PlyCount "161"]
[EventDate "2012.08.24"]
[EventType "swiss"]
[EventRounds "9"]
[EventCountry "ESP"]
[Source "lmi"]
[SourceDate "2012.08.24"]

1. d4 d5 2. c4 e6 3. Nf3 Nf6 4. Nc3 Nc6 5. Bg5 Be7 6. e3 O-O 7. Bd3 h6 8. Bh4
Re8 9. Rc1 b6 10. O-O Bb7 11. Bg3 Na5 12. Nb5 Bd6 13. Nxd6 cxd6 14. cxd5 Bxd5
15. b4 Nb7 16. Qe2 Ne4 17. Rc2 Nxg3 18. hxg3 e5 19. dxe5 dxe5 20. e4 Be6 21.
Nxe5 Qd6 22. Nc6 Bd7 23. Rfc1 Bxc6 24. Rxc6 Qxb4 25. Qg4 Nd6 26. Qf4 Re6 27. e5
Qxf4 28. gxf4 Nb7 29. Bf5 Rxc6 30. Rxc6 Nc5 31. Bc2 Kf8 32. g3 Ne6 33. Be4 Rd8
34. f5 Nd4 35. Rc7 Nb5 36. Rb7 Nc3 37. Bc2 Ne2+ 38. Kg2 Nd4 39. Be4 Nb5 40. Bc6
Nd4 41. Bd7 a6 42. g4 b5 43. e6 fxe6 44. fxe6 Ke7 45. Bxb5+ Kxe6 46. Bxa6 Kf6
47. a4 Ra8 48. Bb5 Nb3 49. Rb6+ Ke5 50. Ra6 Rb8 51. Ra7 Kf6 52. Bc6 Rb6 53. Bd7
Rd6 54. Bc8 Rd4 55. a5 Rd2 56. a6 Nc5 57. Rc7 Ne4 58. Kf3 Nxf2 59. a7 Ra2 60.
Bd7 Nd3 61. Ke3 Ne5 62. Bf5 h5 63. Be4 Nxg4+ 64. Kf4 Ra3 65. Rc6+ Kf7 66. Bg6+
Ke7 67. Rc7+ Kf6 68. Rc6+ Ke7 69. Be4 Rxa7 70. Rg6 Kf7 71. Rg5 Nf6 72. Bg6+ Kf8
73. Bxh5 Ra5 74. Rxa5 Nxh5+ 75. Rxh5 Kf7 76. Ra5 Kg6 77. Ra6+ Kh7 78. Kg5 Kg8
79. Kg6 Kf8 80. Ra7 Ke8 81. Rxg7 1-0

[Event "29. Torneo Collado Villalba 2012 - B"]
[Site "Collado Villalba ESP"]
[Date "2012.08.30"]
[Round "7.26"]
[White "Rodriguez Gomez, Jose"]
[Black "Martin, Rodriguez Jose L"]
[Result "1-0"]
[WhiteElo "1716"]
[BlackElo "1430"]
[PlyCount "115"]
[EventDate "2012.08.24"]
[EventType "swiss"]
[EventRounds "9"]
[EventCountry "ESP"]
[Source "lmi"]
[SourceDate "2012.08.24"]

1. e4 e6 2. d4 d5 3. exd5 exd5 4. Nf3 Bb4+ 5. c3 Bd6 6. Bd3 Nf6 7. Bg5 h6 8.
Bh4 Nc6 9. Nbd2 Qe7+ 10. Qe2 Qxe2+ 11. Bxe2 g5 12. Bg3 Bxg3 13. hxg3 g4 14. Nh4
h5 15. O-O-O Be6 16. Bb5 a6 17. Bd3 Ne7 18. Rde1 Kd7 19. f3 b5 20. Nb3 b4 21.
Nc5+ Kd6 22. cxb4 Rhb8 23. a3 a5 24. bxa5 Rxa5 25. Nxe6 fxe6 26. Re2 Nc6 27.
fxg4 hxg4 28. Rf2 Ne4 29. Bxe4 dxe4 30. Rd1 Kd5 31. Ng6 Rb3 32. Nf4+ Kd6 33.
Ne2 Ra4 34. Nc3 Rc4 35. Rc2 Rxd4 36. Nxe4+ Ke5 37. Nc3 Rxd1+ 38. Kxd1 Nd4 39.
Rd2 c5 40. Ne2 Nxe2 41. Kxe2 Rxg3 42. Kf2 Rb3 43. a4 c4 44. a5 c3 45. bxc3 Rxc3
46. Ra2 g3+ 47. Ke2 Rc8 48. a6 Ra8 49. Kf3 Kf5 50. Kxg3 Rg8+ 51. Kf3 e5 52. a7
Ra8 53. Ke3 Ke6 54. Ke4 Kf6 55. Ra6+ Kg5 56. Kxe5 Kg4 57. Kd6 Kg3 58. Ra2 1-0

[Event "29. Torneo Collado Villalba 2012 - B"]
[Site "Collado Villalba ESP"]
[Date "2012.08.30"]
[Round "7.27"]
[White "Mataix, Fernandez Ricardo"]
[Black "Garcia, Varea Benjamin"]
[Result "0-1"]
[WhiteElo "1706"]
[BlackElo "1811"]
[PlyCount "110"]
[EventDate "2012.08.24"]
[EventType "swiss"]
[EventRounds "9"]
[EventCountry "ESP"]
[Source "lmi"]
[SourceDate "2012.08.24"]

1. d4 Nf6 2. Bf4 d5 3. e3 c6 4. Nf3 Bg4 5. Nbd2 Nbd7 6. c3 Ne4 7. Be2 Ndf6 8.
Ne5 Bxe2 9. Qxe2 Qb6 10. Rb1 g6 11. h3 Bg7 12. f3 Nxd2 13. Qxd2 Qa6 14. a3 Rd8
15. Qe2 Qxe2+ 16. Kxe2 Nd7 17. Nd3 f5 18. Nc5 Nxc5 19. dxc5 e5 20. Bg5 Rd7 21.
Rhd1 h6 22. Bh4 g5 23. Be1 Ke7 24. a4 Rhd8 25. b4 d4 26. cxd4 exd4 27. Rb3 dxe3
28. Rxe3+ Kf7 29. Rxd7+ Rxd7 30. Rd3 Re7+ 31. Re3 Re6 32. Kd3 Rxe3+ 33. Kxe3
Ke6 34. Kd3 Kd5 35. Bc3 Bxc3 36. Kxc3 Ke5 37. Kc4 Kf4 38. b5 Kg3 39. a5 a6 40.
bxa6 bxa6 41. Kd4 Kxg2 42. Ke5 f4 43. Kd6 Kxf3 44. Kxc6 Kg3 45. Kb6 f3 46. c6
f2 47. c7 f1=Q 48. c8=Q Qb5+ 49. Ka7 Qxa5 50. Qg4+ Kh2 51. h4 Qb5 52. hxg5 hxg5
53. Qh5+ Kg3 54. Qf7 a5 55. Qc7+ Kf3 0-1

[Event "29. Torneo Collado Villalba 2012 - B"]
[Site "Collado Villalba ESP"]
[Date "2012.08.30"]
[Round "7.28"]
[White "Sadaba, Rodriguez Igor"]
[Black "Gallego, Romero Manuel"]
[Result "1-0"]
[WhiteElo "1702"]
[BlackElo "1679"]
[PlyCount "73"]
[EventDate "2012.08.24"]
[EventType "swiss"]
[EventRounds "9"]
[EventCountry "ESP"]
[Source "lmi"]
[SourceDate "2012.08.24"]

1. d4 d5 2. c4 c6 3. Nf3 e6 4. Qc2 Nd7 5. Bg5 Qc7 6. e3 Ngf6 7. Bd3 Be7 8. O-O
h6 9. Bh4 e5 10. dxe5 Nxe5 11. Nxe5 Qxe5 12. Bg3 Qe6 13. Nc3 Bd6 14. cxd5 cxd5
15. Bxd6 Qxd6 16. Nb5 Qb8 17. Nc7+ Kf8 18. Nxa8 Qxa8 19. Qc5+ Kg8 20. Rac1 Be6
21. Qe7 Nd7 22. f4 Qf8 23. Qxf8+ Nxf8 24. Rc7 g6 25. f5 Bd7 26. Rxb7 Kg7 27.
fxg6 Be6 28. gxf7 Nd7 29. Rxa7 Rf8 30. Bf5 Bxf5 31. Rxf5 Nf6 32. b4 Kg6 33. Rf4
h5 34. h3 Ne4 35. Ra6+ Kg7 36. Rf5 Ng3 37. Rg5+ 1-0

[Event "29. Torneo Collado Villalba 2012 - B"]
[Site "Collado Villalba ESP"]
[Date "2012.08.30"]
[Round "7.29"]
[White "Martinez, Martinez Manuel Ii"]
[Black "***Pimienta Sanchez, Manuel"]
[Result "0-1"]
[WhiteElo "1700"]
[BlackElo "1890"]
[PlyCount "33"]
[EventDate "2012.08.24"]
[EventType "swiss"]
[EventRounds "9"]
[EventCountry "ESP"]
[Source "lmi"]
[SourceDate "2012.08.24"]

1. d4 Nf6 2. Nd2 d5 3. e3 Bf5 4. Ngf3 h6 5. a3 e6 6. c4 c6 7. b4 Be7 8. Bb2 O-O
9. Qb3 Nbd7 10. h3 Re8 11. Bd3 Bxd3 12. Qxd3 Bf8 13. O-O Nb6 14. Qb3 dxc4 15.
Nxc4 Ne4 16. Nfd2 f5 17. f4 0-1

[Event "29. Torneo Collado Villalba 2012 - B"]
[Site "Collado Villalba ESP"]
[Date "2012.08.30"]
[Round "7.30"]
[White "Rodriguez Bachiller, Luis"]
[Black "Lopez Rodriguez, Alvaro"]
[Result "0-1"]
[WhiteElo "1813"]
[BlackElo "1581"]
[PlyCount "66"]
[EventDate "2012.08.24"]
[EventType "swiss"]
[EventRounds "9"]
[EventCountry "ESP"]
[Source "lmi"]
[SourceDate "2012.08.24"]

1. e4 e6 2. d4 d5 3. Nc3 Nf6 4. Bg5 Be7 5. e5 Nfd7 6. Bxe7 Qxe7 7. Qg4 g6 8.
Bd3 Qb4 9. Rb1 Nxe5 10. Qf4 Nxd3+ 11. cxd3 c5 12. Nf3 Nc6 13. a3 Qb6 14. dxc5
Qxc5 15. O-O O-O 16. d4 Qe7 17. Rfe1 Rd8 18. b4 Qf8 19. Rbc1 a6 20. Na4 Bd7 21.
Nb6 Rab8 22. Rc5 Na7 23. Rec1 Bc6 24. a4 Rd6 25. h4 Rbd8 26. Ne5 Be8 27. Ng4
Rxb6 28. Qc7 Qd6 29. Nf6+ Kg7 30. Nxe8+ Rxe8 31. Qxd6 Rxd6 32. Rc7 Rb6 33. Rd7
Nc6 0-1

[Event "29. Torneo Collado Villalba 2012 - B"]
[Site "Collado Villalba ESP"]
[Date "2012.08.30"]
[Round "7.32"]
[White "Tome Salvador, Jose Antonio"]
[Black "Carrasco Espasandin, Pablo"]
[Result "1/2-1/2"]
[WhiteElo "1698"]
[BlackElo "1743"]
[PlyCount "40"]
[EventDate "2012.08.24"]
[EventType "swiss"]
[EventRounds "9"]
[EventCountry "ESP"]
[Source "lmi"]
[SourceDate "2012.08.24"]

1. d4 d5 2. c4 e6 3. Nf3 c6 4. e3 Nf6 5. Nc3 Nbd7 6. Bd3 dxc4 7. Bxc4 b5 8. Bd3
a6 9. a3 c5 10. b3 Bb7 11. Bb2 Be7 12. O-O O-O 13. Rc1 cxd4 14. Nxd4 Nc5 15.
Be2 Rc8 16. b4 Nce4 17. Nxe4 Nxe4 18. Nf3 Qxd1 19. Rfxd1 Rxc1 20. Rxc1 Rc8
1/2-1/2

[Event "29. Torneo Collado Villalba 2012 - B"]
[Site "Collado Villalba ESP"]
[Date "2012.08.30"]
[Round "7.33"]
[White "Marcelo De La Mata, Daniel"]
[Black "Neila, Ausin Eva"]
[Result "0-1"]
[WhiteElo "1687"]
[BlackElo "1738"]
[PlyCount "80"]
[EventDate "2012.08.24"]
[EventType "swiss"]
[EventRounds "9"]
[EventCountry "ESP"]
[Source "lmi"]
[SourceDate "2012.08.24"]

1. Nf3 Nf6 2. d4 d5 3. Nbd2 Bf5 4. e3 h6 5. Bd3 Bxd3 6. cxd3 e6 7. O-O c5 8. e4
cxd4 9. Qa4+ Qd7 10. Qxd7+ Nbxd7 11. Nxd4 Bc5 12. N4b3 Bb6 13. exd5 Nxd5 14.
Nc4 Bd8 15. Nd6+ Ke7 16. Nxb7 Bb6 17. d4 Nb4 18. Be3 Rac8 19. Rfd1 Rc2 20. Rd2
Rxd2 21. Nxd2 Nc2 22. Rd1 Bxd4 23. Bxd4 Nxd4 24. Nc4 Nf5 25. Nba5 Rc8 26. b4 f6
27. g3 e5 28. Kf1 Nd4 29. a3 Rc7 30. Rd2 Nb6 31. Ne3 Ke6 32. Ra2 Nd5 33. Nxd5
Kxd5 34. a4 Ke4 35. b5 Rc3 36. Kg2 Kd5 37. h4 Kd6 38. Rb2 Kc7 39. Rb4 Kb6 40.
Nc4+ Kc5 0-1

[Event "29. Torneo Collado Villalba 2012 - B"]
[Site "Collado Villalba ESP"]
[Date "2012.08.30"]
[Round "7.34"]
[White "Tevar, Becerra Alvaro"]
[Black "Garcia Castineira, Ivan"]
[Result "1/2-1/2"]
[WhiteElo "1566"]
[BlackElo "1702"]
[PlyCount "59"]
[EventDate "2012.08.24"]
[EventType "swiss"]
[EventRounds "9"]
[EventCountry "ESP"]
[Source "lmi"]
[SourceDate "2012.08.24"]

1. e4 c5 2. Nf3 d6 3. Bb5+ Bd7 4. Bxd7+ Nxd7 5. O-O g6 6. c3 Ngf6 7. Re1 Bg7 8.
d4 cxd4 9. cxd4 O-O 10. Nc3 Rc8 11. Bg5 Nb6 12. Qb3 Qc7 13. Rac1 Qc4 14. Qxc4
Rxc4 15. b3 Rcc8 16. e5 dxe5 17. dxe5 Nfd5 18. Nxd5 Nxd5 19. Rc4 b5 20. Rce4 e6
21. R4e2 Rc6 22. Nd4 Rc5 23. b4 Rc4 24. Nxb5 a6 25. Nd6 Rxb4 26. Rc1 Rfb8 27.
Rec2 Bxe5 28. Rc8+ Rxc8 29. Rxc8+ Kg7 30. Ne8+ 1/2-1/2

[Event "29. Torneo Collado Villalba 2012 - B"]
[Site "Collado Villalba ESP"]
[Date "2012.08.30"]
[Round "7.37"]
[White "Melcon Diez, Enrique"]
[Black "Ojosnegros Martin, Angel"]
[Result "1-0"]
[WhiteElo "1637"]
[BlackElo "1503"]
[PlyCount "83"]
[EventDate "2012.08.24"]
[EventType "swiss"]
[EventRounds "9"]
[EventCountry "ESP"]
[Source "lmi"]
[SourceDate "2012.08.24"]

1. c4 Nf6 2. Nc3 e6 3. e4 d5 4. e5 d4 5. exf6 dxc3 6. bxc3 Qxf6 7. Nf3 Nc6 8.
d4 h6 9. Bd3 Qd8 10. O-O Be7 11. Rb1 O-O 12. c5 b6 13. Be4 Bb7 14. Ne5 Qe8 15.
Qa4 Nxe5 16. Qxe8 Raxe8 17. Bxb7 Nd3 18. Bd2 g5 19. g3 bxc5 20. Ba6 Nxf2 21.
Kxf2 Rb8 22. Be3 cxd4 23. Bxd4 c5 24. Be5 Rb6 25. Rxb6 axb6 26. Bc7 Ra8 27. Bc4
b5 28. Bxb5 Rxa2+ 29. Kg1 Kg7 30. Be8 f6 31. Re1 Ra7 32. Bb6 Rb7 33. Rxe6 Kf8
34. Bg6 Rd7 35. Rc6 Rd6 36. Rxd6 Bxd6 37. c4 Ke7 38. Bf5 Kf7 39. g4 Kg7 40. Kg2
Kf7 41. h3 Bf8 42. Kf3 1-0

[Event "29. Torneo Collado Villalba 2012 - B"]
[Site "Collado Villalba ESP"]
[Date "2012.08.30"]
[Round "7.38"]
[White "Brasa, Olmos Joaquin"]
[Black "***Fernandez, Cabello Emilio"]
[Result "1/2-1/2"]
[WhiteElo "1547"]
[BlackElo "1623"]
[PlyCount "108"]
[EventDate "2012.08.24"]
[EventType "swiss"]
[EventRounds "9"]
[EventCountry "ESP"]
[Source "lmi"]
[SourceDate "2012.08.24"]

1. e4 e6 2. d4 d5 3. Nc3 Nf6 4. e5 Nfd7 5. f4 c5 6. Nf3 a6 7. Be3 Qb6 8. b3
cxd4 9. Bxd4 Bc5 10. Na4 Qa5+ 11. c3 Bxd4 12. b4 Bxc3+ 13. Nxc3 Qxb4 14. Qd2
Nc6 15. a3 Qe7 16. Bd3 Nc5 17. Bc2 Bd7 18. O-O Na5 19. Nd4 Nc4 20. Qe2 Rc8 21.
f5 Qh4 22. g4 h5 23. fxe6 fxe6 24. Bg6+ Kd8 25. Bxh5 Rxh5 26. Rf8+ Kc7 27.
Rxc8+ Kxc8 28. gxh5 Qxd4+ 29. Qf2 Qxf2+ 30. Kxf2 Nxe5 31. Rg1 Be8 32. Rxg7 Bxh5
33. Rh7 Bg6 34. Rh8+ Kd7 35. h4 Ke7 36. h5 Bf5 37. Ke3 Nf7 38. Rc8 Nd7 39. Kf4
Kf6 40. Ne2 e5+ 41. Ke3 d4+ 42. Nxd4 exd4+ 43. Kxd4 Nde5 44. Rc7 Kg5 45. Rxb7
Kxh5 46. Kc5 Kg4 47. a4 Kf4 48. a5 Ke3 49. Re7 Kd3 50. Kb6 Kc3 51. Kxa6 Bc8+
52. Kb6 Nc4+ 53. Ka7 Nfd6 54. a6 Bxa6 1/2-1/2